00371nam a2200145Ia 4500008004100000082001700041100001400058245004700072250000800119260002900127300001200156500002400168650001600192700001700208230524s9999 xx 000 0 und d a621.892bSIN aB.P.Singh 0aElectronic Devices and Integrated Circuits a1ST aNEW DELHIbPearsonc2006 aXVI;932 aQuantity Number: 2 aElectronics a Rekha Singh